|
|
|
|
| LEADER |
00000nlm0a2200000 4500 |
| 001 |
266936 |
| 005 |
20231101234037.0 |
| 035 |
|
|
|a (RuTPU)RU\TPU\book\289956
|
| 090 |
|
|
|a 266936
|
| 100 |
|
|
|a 20140717d2014 k y0rusy50 ca
|
| 101 |
0 |
|
|a rus
|
| 102 |
|
|
|a RU
|
| 105 |
|
|
|a a dm 001zy
|
| 135 |
|
|
|a drcn ---uucaa
|
| 181 |
|
0 |
|a i
|
| 182 |
|
0 |
|a b
|
| 200 |
1 |
|
|a СВС-технология дисперсных дисульфидов вольфрама и молибдена с наноразмерными слоями для трибологических композиций
|b Электронный ресурс
|e автореферат диссертации на соискание ученой степени кандидата технических наук
|e спец. 05.17.11
|f Ю. А. Иртегов
|g Национальный исследовательский Томский политехнический университет (ТПУ) ; науч. рук. В. В. Коробочкин
|
| 203 |
|
|
|a Текст
|c электронный
|
| 210 |
|
|
|a Томск
|d 2014
|
| 215 |
|
|
|a 1 файл (1,2 Mb)
|
| 230 |
|
|
|a Электронные текстовые данные (1 файл : 1,2 Mb)
|
| 300 |
|
|
|a Заглавие с титульного экрана
|
| 300 |
|
|
|a Электронная версия печатной публикации
|
| 337 |
|
|
|a Adobe Reader
|
| 452 |
|
1 |
|0 (RuTPU)RU\TPU\book\299050
|t СВС-технология дисперсных дисульфидов вольфрама и молибдена с наноразмерными слоями для трибологических композиций
|o автореферат диссертации на соискание ученой степени кандидата технических наук
|o спец. 05.17.11
|f Ю. А. Иртегов
|g Национальный исследовательский Томский политехнический университет (ТПУ) ; науч. рук. В. В. Коробочкин
|c Томск
|d 2014
|p 20 с.
|a Иртегов, Юрий Александрович
|
| 606 |
1 |
|
|a Металлические порошки цветных металлов
|x Производство
|2 stltpush
|3 (RuTPU)RU\TPU\subj\42373
|9 62043
|
| 610 |
1 |
|
|a авторефераты диссертаций
|
| 610 |
1 |
|
|a электронный ресурс
|
| 610 |
1 |
|
|a дисульфид вольфрама
|
| 610 |
1 |
|
|a дисульфид молибдена
|
| 610 |
1 |
|
|a получение
|
| 610 |
1 |
|
|a СВС
|
| 610 |
1 |
|
|a самораспространяющийся высокотемпературный синтез
|
| 610 |
1 |
|
|a термодинамические закономерности
|
| 610 |
1 |
|
|a нанопорошки
|
| 610 |
1 |
|
|a аппаратурно-технологические схемы
|
| 610 |
1 |
|
|a металлы
|
| 610 |
1 |
|
|a сера
|
| 610 |
1 |
|
|a реакторы
|
| 610 |
1 |
|
|a труды учёных ТПУ
|
| 675 |
|
|
|a 621.762:669.2/.8(04)
|v 3
|
| 686 |
|
|
|a 05.17.11
|2 oksvnk
|
| 700 |
|
1 |
|a Иртегов
|b Ю. А.
|c электрофизик
|c инженер-исследователь Томского политехнического университета
|f 1987-
|g Юрий Александрович
|2 stltpush
|3 (RuTPU)RU\TPU\pers\30698
|
| 702 |
|
1 |
|a Коробочкин
|b В. В.
|c российский химик-технолог
|c заведующий кафедрой Томского политехнического университета, доктор технических наук
|f 1951-
|g Валерий Васильевич
|2 stltpush
|3 (RuTPU)RU\TPU\pers\27915
|4 727
|
| 712 |
0 |
2 |
|a Национальный исследовательский Томский политехнический университет (ТПУ)
|c (2009- )
|2 stltpush
|3 (RuTPU)RU\TPU\col\15902
|
| 801 |
|
2 |
|a RU
|b 63413507
|c 20150603
|g RCR
|
| 856 |
4 |
|
|u http://www.lib.tpu.ru/fulltext/a/2014/17.pdf
|
| 942 |
|
|
|c CF
|